000 00645nam a2200205Ia 4500
003 IN-BaIIA
008 211028s9999 xx 000 0 eng d
040 _cIIA Library
080 _a(035)621
_bESH
100 _aEshbach, Ovid W.
_94949
245 0 _aHandbook of engineering fundamentals
_cOvid W. Eshbach
250 _a2nd ed
260 _aNew York
_bWiley
_c1963
300 _a[various pagings.]
490 _aWiley engineering handbook series
650 _aAstronomy and Astrophysics Thesaurus
650 _aEngineering Handbooks
_94950
650 _aHandbooks-Engineering
_9640
942 _cBK
999 _c2766
_d2766